000 00330nam a22001217a 4500
999 _c4358
_d4358
008 250207b ||||| |||| 00| 0 eng d
020 _a9780753440681
082 _a580 CHA
100 _aCHARMAN,ANDREW
_eAUTHOR
245 _aI WONDER WHY LEAVES CHANGE COLOUR
260 _a20 NEW WHARF ROAD,LONDON N1 9RR
_bKING FISHER
942 _2ddc